00395nam a22001457a 4500003000500000005001700005008004100022020001500063050003400078082002000112100001700132245003300149260004600182300002100228PILC20160129114023.0121117t xxu||||| |||| 00| 0 eng d a0312952716 aPS 3569.M5379759b.Sm642 1993 aFIC bSm6s 1993 aSmith, Scott aA simple plan cSmith Scott  aNew York :bAlfred A. Knopf, Inc,cc1993. a417 p. :c17 cm.